Atlas Challenge - Statistics

General Stats
  • This quiz has been taken 2,019 times
  • The average score is 11 of 15
Answer Stats
Hint Answer % Correct
Capital city of Germany. Berlin
96%
Country whose capital is Stockholm. Sweden
96%
Capital city of the Soviet Union. Moscow
94%
River that runs through London. Thames
88%
Country that was the goal of Vasco da Gama's first voyage. India
84%
City that is headquarters of the United Nations. New York City
84%
Country to the south of Thailand. Malaysia
82%
Country that owned Bangladesh until 1971. Pakistan
74%
River that marks the border between France and Germany. Rhine
67%
Country to which many Vietnam War "draft dodgers" escaped. Canada
60%
Capital city of the United States, 1790-1800. Philadelphia
59%
U.S. state whose capital city is Madison. Wisconsin
57%
Balkan country that "balkanized" starting 1991. Yugoslavia
55%
City that hosted the 1964 Summer Olympics. Tokyo
35%
Colony founded by Puritan Pilgrims. Plymouth Colony
25%
No matching quizzes found
Score Distribution
Percent of People with Each Score
Percentile by Number Answered
Your Score History
You have not taken this quiz